00329nam a2200121Ia 4500008004100000082001100041245003400052250000600086260003900092300000800131630003400139730003400173090124s9999 xx 000 0 und d b302025 a ट्रिपल गेम a1 bरानडे जयंतc1988 a184 a ट्रिपल गेम a ट्रिपल गेम